Licence jinak

Priamy a nepriamy predaj, jeho výhody. Teoretické vymedzenie franchisingu. Franchisingová zmluva a prevádzková príručka. Výhody franchisingu. Pozitíva pre prijímateľa.

Na minha lista:
Detalhes bibliográficos
Autor principal: Boukal, Petr
Outros Autores: Lang, Helmut, Synek, Miloslav
Formato: Capítulo de Livro
Idioma:tcheco
Assuntos:
Tags: Adicionar Tag
Sem tags, seja o primeiro a adicionar uma tag!

MARC

LEADER 00000naa a2200000 4500
001 r035053
005 20230920100017.0
041 0 |a cze 
044 |a CZ 
245 1 0 |a Licence jinak  |c Petr Boukal, Helmut Lang, Miloslav Synek 
520 |a Priamy a nepriamy predaj, jeho výhody. Teoretické vymedzenie franchisingu. Franchisingová zmluva a prevádzková príručka. Výhody franchisingu. Pozitíva pre prijímateľa. 
610 2 0 |a franchising 
610 2 0 |a predaj licencií 
610 2 0 |a predajcovia 
610 2 0 |a zmluvy obchodné 
610 2 0 |a zákazníci 
610 2 0 |a zmluvy licenčné 
610 2 0 |a podnikanie 
610 2 0 |a výhody konkurenčné 
100 1 |a Boukal, Petr 
700 1 |a Lang, Helmut 
700 1 |a Synek, Miloslav